000 00973nam0a22003011 4500
001 RU\NLR\A1SV\42988
005 20260406051915.0
035 _a(NLR Aleph) 009725207
090 _a9888124
_c9888124
100 _a20020702d1922 u y0rusy50 ca
101 1 _arus
_ceng
102 _aRU
200 1 _aСеребряные коньки
_eПовесть
_fМ.Додж
_gПер. с англ. С.Г.Займовского
210 _a[М.]
_cНовая Москва
_d1922
215 _a348, [2] с., 1 л. ил.
_cил.
_d23 см
620 _dМосква
700 1 _4070
_8rus
_7ca
_aДодж
_bМ. М.
_f1830-1905
_gМери Мейпс
_3RU\NLR\AUTH\777054
_9116995
702 1 _aЗаймовский
_bС.Г.
_f1876-1950
_gСемен Григорьевич
_4070
801 0 _aRU
_bNLR
_c20020702
852 _aNLR
_j37.74.4.206
899 _aБАН
899 _aГПИБ
899 _aРГБ
899 _aРКП
942 _cBOOK
980 _aNB
980 _aA1SV